| 000 | 00836nas a2200277 4500 | ||
|---|---|---|---|
| 001 | BR0807654 | ||
| 003 | BR-BrBNA | ||
| 005 | 20231205112732.0 | ||
| 007 | ta | ||
| 008 | 230509b bl.|||p| |||| 00| 00por d | ||
| 040 |
_aBR-BrBNA _bpor _cBiblioteca Nacional de Agricultura |
||
| 041 | _a(Pt) | ||
| 072 | _aF01; N20 | ||
| 100 | 1 | _aSantos, A.P. | |
| 100 | 1 | _aVolpato, C.E.S. | |
| 100 | 1 | _aTourino, M.C.C. | |
| 245 | 1 | _aDesempenho de três semeadoras-adubadoras de plantio direto para a cultura do milho | |
| 650 | _aMIHO | ||
| 650 | _aSEMEADURA | ||
| 650 | _aADUBADEIRA | ||
| 650 | _aMECANIZAÇÃO AGRÍCOLA | ||
| 650 | _aPLANTIO DIRETO | ||
| 773 | 0 |
_tCiência e Agrotecnologia (Brazil) _xISSN 1413-7054 _g(Mar-Apr 2008), v. 32(2) p. 540-546 _wBR0807654 |
|
| 909 |
_a202311 _bLúcia _c55 _dLúcia Elande |
||
| 942 |
_2AGRIS _n0 _cANA |
||
| 999 |
_c199671 _d199671 |
||